000 00385nam a2200133 a 4500
001 000037774
005 20201002031119.0
008 130306s1998 fr 000 0 spa d
040 _aDO-SdBNP
_bspa
_cBNPHU
100 1 _aCollignon, Claude
_964224
245 1 4 _ales noyés du désert :
_broman /
_cClaude Collignon.
260 _aParís :
_bGallimard ,
_c1998.
300 _a278 p. : ;
_c21 cm.
999 _c37264
_d37264